Hauptstädte der Welt in ihrer Landessprache - Statistiken

Allgemein
  • Dieses Quiz wurde 39 mal gespielt
  • Das Durchschnittsergebnis liegt bei 72 aus 196
Antwortstatistiken
Land Haupstadt % Korrekt
Deutschland Berlin
82%
Belgien Brussel / Bruxelles / Brüssel
79%
Albanien Tiranë / Tirona / Tirana
76%
Bosnien und Herzegowina Sarajevo / Сарајево
74%
Frankreich Paris
71%
Andorra Andorra la Vella
68%
Schweiz Bern / Berne / Berna
68%
Belarus Minsk / Мінск / Минск
68%
Vereinigtes Königreich London / Llundain / Lunnon / Lunnainn / Londain / Loundres
65%
Finnland Helsinki / Helsingfors
65%
Afghanistan Kābūl / کابل,
65%
Estland Tallinn
65%
Niederlande Amsterdam
62%
Irland Baile Átha Cliath / Dublin
62%
Spanien Madrid / Madril
62%
Monaco Monaco / Múnegu
62%
Norwegen Oslo
62%
Italien Roma
62%
Schweden Stockholm
62%
Liechtenstein Vaduz
62%
Österreich Wien
62%
Kroatien Zagreb
62%
Luxemburg Lëtzebuerg / Luxemburg / Luxembourg
59%
Island Reykjavík
59%
Lettland Riga
59%
San Marino San Marino
59%
Irak Baghdad / بغداد / Bexda / بەغدا
56%
Tschechien Praha
56%
Malta Valletta / Il-Belt Valletta
56%
Litauen Vilnius
56%
Vereinigte Staaten Washington D.C. / Washington / D.C. / Wakinekona / Wasinetona
56%
Brasilien Brasília
53%
Slowakei Bratislava
53%
Argentinien Buenos Aires
53%
Peru Lima
53%
Nordmazedonien Skopje / Скопје / Shkup
53%
Ungarn Budapest
50%
Australien Canberra
50%
Bolivien La Paz / Chuqiyapu oder Sucre
50%
Portugal Lisboa
50%
Slowenien Ljubljana
50%
Kanada Ottawa
50%
Kosovo Prishtinë / Priština / Приштина
50%
Jordanien ‘Ammān / عمان
47%
Moldawien Chișinău
47%
Senegal Dakar / Ndakaaru
47%
Bangladesch Dhaka / ঢাকা
47%
Jamaika Kingston
47%
St. Vincent und die Grenadinen Kingstown
47%
Malaysia Kuala Lumpur
47%
Angola Luanda / Lwanda
47%
Bahamas Nassau
47%
Ecuador Quito
47%
El Salvador San Salvador
47%
Chile Santiago
47%
São Tomé und Príncipe São Tomé
47%
Japan Tōkyō / 東京
47%
Neuseeland Wellington / Poneke / Te Whanganui-a-Tara
47%
Ghana Accra / Nkran
44%
China Běijīng / 北京
44%
Belize Belmopan
44%
Kolumbien Bogotá
44%
Indonesien Jakarta
44%
Südsudan Juba
44%
Demokratische Republik Kongo Kinshasa / Kinsasa / Kinsásá
44%
Gabun Libreville
44%
Togo Lomé / Lome / Loma
44%
Malediven Malé / މާލެ
44%
Uruguay Montevideo
44%
Kenia Nairobi
44%
Montenegro Podgorica / Подгорица
44%
Haiti Port-au-Prince / Pòtoprens
44%
Trinidad und Tobago Port-of-Spain
44%
Südafrika Pretoria / Cape Town / Kaapstad / iPitoli / iKapa / Pitori / iPitoli / iPitori / Bloemfontein / IBloemfontein / KwelaBesuthu
44%
Costa Rica San José
44%
Dominikanische Republik Santo Domingo
44%
Singapur Singapura / Singapore / Xīnjiāpō / 新加坡 / Singapur / சிங்கப்பூர்
44%
Mongolei Ulaanbaatar / Улаанбаатар / ᠤᠯᠠᠭᠠᠨᠪᠠᠭᠠᠲᠤᠷ
44%
Seychellen Victoria / Port Victoria
44%
Namibia Windhoek / Windhuk / Windhoek / Otjomuise
44%
Madagaskar Antananarivo / Tananarive
41%
Paraguay Asunción / Paraguay
41%
Mali Bamako / Bamakɔ
41%
Guinea-Bissau Bissau
41%
Republik Kongo Brazzaville / Balazavile
41%
Barbados Bridgetown
41%
Venezuela Caracas
41%
Guinea Conakry / Kɔnakiri / Konakiri
41%
Osttimor Dili
41%
Tansania Dodoma
41%
Vietnam Hà Nội
41%
Pakistan Islāmabād / اسلام‌اباد
41%
Uganda Kampala
41%
Ruanda Kigali
41%
Nicaragua Managua
41%
Papua-Neuguinea Port Moresby / Pot Mosbi
41%
Jemen Ṣan‘ā’ / ﺻﻨﻌﺎﺀ
41%
Fidschi Suva
41%
Laos Vientiane / Vieng Chan / Wīang Chan / ວຽງຈັນ
41%
Nigeria Abuja / Àbújá
38%
Türkei Ankara
38%
Samoa Apia
38%
Turkmenistan Aşgabat
38%
Brunei Bandar Seri Begawan / باندر سري بڬاون
38%
Gambia Banjul
38%
Sierra Leone Freetown
38%
Botswana Gaborone
38%
Guyana Georgetown
38%
Simbabwe Harare
38%
Malawi Lilongwe
38%
Sambia Lusaka
38%
Philippinen Maynila / Manila
38%
Liberia Monrovia
38%
Kasachstan Nur-Sultan / Нұр-Сұлтан / Нур-Султан
38%
Suriname Paramaribo
38%
Dominica Roseau
38%
Südkorea Seoul / 서울
38%
Honduras Tegucigalpa
38%
Bhutan Thimphu / ཐིམ་ཕུ
38%
Eritrea Asmaraa / أسمرا / Asmära / አሥመራ
35%
Mosambik Maputo
35%
Komoren Moroni / موروني
35%
Tschad Ndjamena / Nijāmīnā / نجامينا
35%
Indien Nôtun Dilli / নতুন দিল্লী / New Delhi / Navī Dilhī / નવી દિલ્હી / Naī Dillī / नई दिल्ली / Nava Dehali / ನವದೆಹಲಿ / Navī Dillī / नवी दिल्ली / Nyūḍalhi / ന്യൂഡല്ഹി / नवी दिल्ली / Naya Dilli / नयाँ दिल्ली / Nuā Dilli / ନୂଆ ଦିଲ୍ଲୀ / Navīñ Dillī / ਨਵੀਂ ਦਿੱਲੀ / Nav Dilli / नव दिल्ली / Pududilli / புது தில்லி / Krothha ḍhillī / క్రొత్త ఢిల్లీ
35%
Mauritius Port Louis / Port-Louis / Porlwi
35%
Kap Verde Praia
35%
Polen Warszawa
35%
Elfenbeinküste Yamoussoukro
35%
Zentralafrikanische Republik Bangui / Bangî
32%
Serbien Beograd / Београд
32%
Niger Niamey
32%
Sri Lanka Sri Jayawardenepura Kotte / ශ්‍රී ජයවර්ධනපුර කෝට්ටේ ஶ்ரீ ஜெயவர்த்தனபுரம் கோட்டை
32%
St. Kitts und Nevis Basseterre
29%
St. Lucia Castries
29%
Lesotho Maseru
29%
Grenada Saint George's
29%
Nauru Yaren
29%
Burundi Gitega
26%
Salomonen Honiara / Honiala
26%
Marshallinseln Majuro / Mājro
26%
Äquatorial-Guinea Malabo
26%
Eswatini Mbabane
26%
Russland Moskva / Москва
26%
Burkina Faso Ouagadougou
26%
Benin Porto-Novo oder Cotonou
26%
Kamerun Yaoundé
26%
Kirgisistan Bishkek / Бишкек
24%
Rumänien București
24%
Palau Ngerulmud
24%
Tonga Nukuʻalofa
24%
Kiribati South Tarawa
24%
Iran Tehran / تهران
24%
Guatemala Ciudad de Guatemala
21%
Mexiko Ciudad de México / Āltepētl Mēxihco
21%
Panama Ciudad de Panamá
21%
Tadschikistan Dushanbe / Душанбе
21%
Föderierte Staaten von Mikronesien Palikir
21%
Vanuatu Port Vila
21%
Antigua und Barbuda Saint John's
21%
Georgien Tbilisi / თბილისი
21%
Äthiopien Addis Ababa / አዲስ አበ
18%
Dschibuti Jībūtī / جيبوتي / Djibouti / Jabuuti / Gabuuti
18%
Dänemark København
18%
Tunesien Tunes / ⵜⵓⵏⵙ / Tūns / تونس
18%
Griechenland Athinai / Αθήναι / Athina / Αθήνα
15%
Nordkorea P'yŏngyang / 평양 / 平壌
15%
Bulgarien Sofija / Sofiya / София
15%
Armenien Yerevan / Երևան
15%
Thailand Krung Thep / Krung Thep Maha Nakhon / กรุงเทพฯ / กรุงเทพมหานคร
12%
Libanon Bayrūt / بيروت / Beyrouth
9%
Vatikanstadt Civitas Vaticana / Città del Vaticano
9%
Kuba La Habana
9%
Zypern Lefkosia / Λευκωσία / Lefkoşa
9%
Oman Masqaṭ / مسقط
9%
Algerien Madīnat al-Dschazā'ir / دزاير/ Dzayer / Al-Jazā'ir / ⴷⵣⴰⵢⴻⵔ ⵜⴰⵎⴰⵏⴻⵖⵜ / Dzayer tamaneɣt / Alger / مدينة الجزائر
6%
Vereinigte Arabische Emirate ‘Abū ẓabī / أبوظبي
3%
Katar Ad-Dawḥah / الدوحة
3%
Sudan Al-Khartûm / الخرطوم
3%
Bahrain Al-Manāmah / المنامة
3%
Saudi-Arabien Ar-Riyāḍ / الرياض
3%
Aserbaidschan Bakı
3%
Syrien Dimashq / Ash-Sham / الشام/دمشق
3%
Marokko Errbaṭ / ⵔⵔⴱⴰⵟ / Ar-ribaaṭ / الرباط
3%
Ukraine Kyjiv / Київ
3%
Somalia Muqdisho / Maqadīshū / مقديشو
3%
Myanmar Nay Pyi Taw / နေပြည်တော်
3%
Mauretanien Nwakcuṭ / anu ukcuḍ / ⵏⵡⴰⴽⵛⵓⵟ / ⴰⵏⵓ ⵓⴽⵛⵓⴹ / nwakšūṭ / نواكشوط / أنو ؤكشوض
3%
Kambodscha Phnum Pénh / ភ្នំពេញ
3%
Usbekistan Toshkent / Тошкент
3%
Libyen Ṭrables / ⵟⵔⴰⴱⵍⴻⵙ / Tarabulus / طرابلس
3%
Israel Yerushalayim / ירושלים / Al-Quds / القُدس
3%
Ägypten Al-Qāhirah / القاهرة
0%
Tuvalu Fongafale
0%
Nepal Kāṭhamāṇḍauṃ / काठमाण्डौं / Kāntipura / कान्तिपुर / Yen Dey / येँ देय्‌
0%
Kuwait Madiinat ul-Kuwayt / مدينة الكويت / id-diira / الديرة
0%
Taiwan Táiběi / 臺北 / 台北
0%
Keine übereinstimmenden Quizze gefunden
Verteilung der Resultate
Anzahl Personen mit jedem Resultat
Perzentil nach korrekt beantworteten Fragen
Ihre Resultats-Entwicklung
Sie haben dieses Quiz noch nicht gespielt